Quelle Saga Films ? - Statistiques

Statistiques générales
  • Ce quiz a été pris 145 fois
  • Le résultat moyen est 9 sur 20
Statistiques - réponses
Hint Réponse % Correct
et la Coupe de Feu Harry Potter
99%
No Way Home Spider Man
87%
Tokyo Drift Fast and Furious
74%
L’Embrasement Hunger Games
71%
Les Deux Tours Le Seigneur des Anneaux
71%
Un Nouvel Espoir Star Wars
63%
et la Dernière Croisade Indiana Jones
53%
Le Remède mortel Le Labyrinthe
45%
Protocole Fantôme Mission Impossible
45%
L’Odyssée du Passeur d’Aurore Le Monde de Narnia
43%
2049 Blade Runner
40%
Jusqu'au bout du monde Pirates des Caraibes
37%
Le Jugement dernier Terminator
37%
La Face cachée de la Lune Transformers
35%
Un Voyage inattendu Le Hobbit
33%
Covenant Alien
31%
le troisième Shrek
25%
Le Temps des dinosaures L’Age de glace
15%
1984 Wonder Woman
7%
Le Monde caché Dragons
6%
Aucun quiz correspondant
Distribution des résultats
% des personnes avec chaque résultat
Percentile par nombre de réponses
Votre historique - résultats
Vous n’avez pas pris ce quiz